[Event "Thüringenliga 2016/2017"]
[Site "?"]
[Date "2017.01.29"]
[Round "5"]
[White "Koch, Stefan"]
[Black "Ortlepp, Steffen"]
[Result "1/2-1/2"]
[WhiteElo "1926"]
[BlackElo "1874"]
[PlyCount "96"]
[EventDate "2017.??.??"]
[WhiteTeam "SC Suhl"]
[BlackTeam "Ilmenauer SV"]

1. d4 Nf6 2. Nf3 g6 3. g3 Bg7 4. Bg2 O-O 5. O-O d5 6. Nbd2 Bf5 7. Ne5 Nbd7 8.
Ndf3 Nxe5 9. Nxe5 Nd7 10. Nf3 c6 11. Nh4 Be6 12. c3 Nf6 13. Qc2 Qd7 14. Nf3 Bh3
15. Ne5 Qf5 16. Qxf5 Bxf5 17. f3 Nd7 18. Nxd7 Bxd7 19. e4 e5 20. dxe5 dxe4 21.
f4 f6 22. exf6 Rxf6 23. Bxe4 Re8 24. Bf3 Rd6 25. Kf2 Bf8 26. Be3 Rd3 27. Rfe1
Rexe3 28. Rxe3 Bc5 29. Rae1 Be6 30. a3 Bc4 31. b4 Bb6 32. Be4 Rxc3 33. Kf3 Bxe3
34. Rxe3 Rc1 35. Bd3 Kf7 36. Bxc4+ Rxc4 37. Rd3 Ke7 38. h3 b5 39. Ke3 Ke6 40.
Kf3 c5 41. bxc5 Rxc5 42. g4 a5 43. Rb3 Kd5 44. Rd3+ Kc6 45. Ke4 b4 46. axb4
axb4 47. f5 gxf5+ 48. gxf5 Rc3 1/2-1/2

[Event "Thüringenliga 2016/2017"]
[Site "?"]
[Date "2017.01.29"]
[Round "5"]
[White "Brandt, Wolfgang"]
[Black "v.d. Weth-v. Nordheim, Petra"]
[Result "0-1"]
[WhiteElo "1527"]
[BlackElo "1824"]
[PlyCount "131"]
[EventDate "2017.??.??"]
[WhiteTeam "Ilmenauer SV"]
[BlackTeam "SC Suhl"]

1. d4 d5 2. c4 e6 3. Nf3 c6 4. Qc2 Nf6 5. g3 Nbd7 6. Bg2 dxc4 7. Qxc4 Ne4 8.
O-O Qa5 9. Qc2 Ndf6 10. Nbd2 Nxd2 11. Qxd2 Qc7 12. b3 a5 13. Qc2 Be7 14. Bb2
O-O 15. Rac1 a4 16. bxa4 Qa5 17. a3 Qxa4 18. Qxa4 Rxa4 19. Ra1 Ne4 20. Rfd1 Bf6
21. Ne1 Nd6 22. Nc2 c5 23. e3 c4 24. Bc3 Rd8 25. Rdb1 Be7 26. Bb4 Rd7 27. Bc5
f5 28. Rb4 Rxb4 29. Bxb4 b6 30. a4 Bb7 31. Bf1 Bd5 32. a5 bxa5 33. Rxa5 Kf7 34.
Ra1 Nc8 35. Bc3 Ra7 36. Rxa7 Nxa7 37. Bb4 Nc6 38. Bxe7 Kxe7 39. Be2 Kd6 40. f3
e5 41. dxe5+ Nxe5 42. Nd4 Kc5 43. Kf1 Kb4 44. Ke1 Kc3 45. Bd1 g6 46. h3 Kb2 47.
g4 c3 48. Ke2 Bc4+ 49. Kf2 Kc1 50. Ba4 fxg4 51. hxg4 Kd2 52. e4 Nd3+ 53. Kg3
Ne1 54. e5 c2 55. Nxc2 Nxc2 56. f4 Nd4 57. Bd7 Ne2+ 58. Kh4 Nxf4 59. Kg5 Ke3
60. Kh6 Be6 61. Bxe6 Nxe6 62. Kxh7 g5 63. Kg6 Kf4 64. Kf6 Nd4 65. e6 Nxe6 66.
Kxe6 0-1

[Event "Thüringenliga 2016/2017"]
[Site "?"]
[Date "2017.01.29"]
[Round "5"]
[White "Fuhrmann, Christian"]
[Black "Hartung, Markus"]
[Result "1-0"]
[WhiteElo "1750"]
[BlackElo "1462"]
[PlyCount "107"]
[EventDate "2017.??.??"]
[WhiteTeam "SC Suhl"]
[BlackTeam "Ilmenauer SV"]

1. d4 d5 2. c4 e6 3. Nc3 Nf6 4. Nf3 Be7 5. e3 O-O 6. Bd3 dxc4 7. Bxc4 c5 8. O-O
a6 9. Qe2 b5 10. Bd3 c4 11. Bc2 Bb7 12. a3 Nc6 13. Rd1 Qc7 14. e4 Rad8 15. e5
Nd5 16. Ng5 g6 17. Qg4 Kg7 18. Nge4 Nxc3 19. bxc3 Nxe5 20. dxe5 Rxd1+ 21. Qxd1
Qxe5 22. Be3 Kg8 23. Bd4 Qd5 24. Qf3 f5 25. Nd2 Qd7 26. Qe2 Bf6 27. Bxf6 Rxf6
28. Rd1 Qc6 29. Nf3 Rf7 30. Qe5 Qc7 31. Qxe6 Bxf3 32. gxf3 Qe7 33. Qxe7 Rxe7
34. Kf1 Kf7 35. Rd2 Rc7 36. a4 Ke7 37. Bd1 Rd7 38. Rxd7+ Kxd7 39. Ke2 Kd6 40.
Ke3 Ke5 41. Bc2 f4+ 42. Kd2 Kd5 43. axb5 axb5 44. Be4+ Kc5 45. Kc2 b4 46. Kb2
bxc3+ 47. Kxc3 Kd6 48. Kxc4 Ke5 49. Kd3 Kf6 50. Kd4 Kg5 51. Ke5 h5 52. Bc6 Kh4
53. Bd7 g5 54. h3 1-0

[Event "Thüringenliga 2016/2017"]
[Site "?"]
[Date "2017.01.29"]
[Round "5"]
[White "Gerhardt, Frank"]
[Black "Schneider, Christian"]
[Result "1/2-1/2"]
[WhiteElo "2068"]
[BlackElo "2190"]
[PlyCount "114"]
[EventDate "2017.??.??"]
[WhiteTeam "SV 1861 Liebschwitz"]
[BlackTeam "SG Blau-Weiß Stadtilm"]

1. e4 c5 2. Nf3 d6 3. d4 cxd4 4. Nxd4 Nf6 5. Nc3 a6 6. h3 e6 7. g4 Be7 8. Be3
b5 9. a3 Bb7 10. Bg2 Nfd7 11. Qe2 Nc6 12. Nxc6 Bxc6 13. O-O O-O 14. Rad1 Qc7
15. Bd4 Rac8 16. f4 Ba8 17. g5 Rfe8 18. Qg4 Bf8 19. f5 Ne5 20. Qg3 Nc4 21. fxe6
Rxe6 22. Nd5 Bxd5 23. exd5 Re2 24. Rf2 Rce8 25. Rxe2 Rxe2 26. Bf1 Rxc2 27. Bd3
Rd2 28. Rxd2 Nxd2 29. Bxh7+ Kxh7 30. Qd3+ Kg8 31. Qxd2 Qc4 32. Bc3 Qh4 33. Qe3
Qc4 34. Qd4 Qxd4+ 35. Bxd4 Kh7 36. Kg2 Kg6 37. h4 Kf5 38. Kf3 a5 39. Bb6 a4 40.
Bd4 f6 41. gxf6 gxf6 42. Be3 Ke5 43. h5 Kxd5 44. h6 Ke6 45. h7 Bg7 46. Bh6 Bh8
47. Bd2 Kf5 48. Bc3 Kg6 49. Ke4 Kxh7 50. Kf5 d5 51. Ke6 Bg7 52. Bxf6 Bxf6 53.
Kxd5 b4 54. axb4 Bxb2 55. Kc4 Be5 56. b5 a3 57. Kb3 Kg6 1/2-1/2

[Event "Thüringenliga 2016/2017"]
[Site "?"]
[Date "2017.01.29"]
[Round "5"]
[White "George, Tom"]
[Black "Hermannsdörfer, Frank"]
[Result "1-0"]
[WhiteElo "2178"]
[BlackElo "2119"]
[PlyCount "55"]
[EventDate "2017.??.??"]
[WhiteTeam "SG Blau-Weiß Stadtilm"]
[BlackTeam "SV 1861 Liebschwitz"]

1. e4 d6 2. d4 Nf6 3. Nc3 e5 4. Nf3 Nbd7 5. Bc4 Be7 6. a4 c6 7. h3 h6 8. O-O
Qc7 9. Re1 Nf8 10. Ba2 g5 11. b4 Ng6 12. Rb1 g4 13. hxg4 Bxg4 14. Qd3 Bxf3 15.
Qxf3 exd4 16. Ne2 Ne5 17. Qb3 Nxe4 18. Nxd4 d5 19. Bf4 f6 20. Rxe4 dxe4 21.
Bxe5 Qxe5 22. Qf7+ Kd7 23. Be6+ Kc7 24. Qxe7+ Kb8 25. b5 cxb5 26. Rxb5 Qc7 27.
Nc6+ Qxc6 28. Bd5 1-0

[Event "Thüringenliga 2016/2017"]
[Site "?"]
[Date "2017.01.29"]
[Round "5"]
[White "Zeidler, Andreas"]
[Black "Siebarth, Raiko"]
[Result "0-1"]
[WhiteElo "2118"]
[BlackElo "2240"]
[PlyCount "70"]
[EventDate "2017.??.??"]
[WhiteTeam "SV 1861 Liebschwitz"]
[BlackTeam "SG Blau-Weiß Stadtilm"]

1. d4 Nf6 2. c4 e6 3. Nf3 b6 4. g3 Ba6 5. b3 Bb4+ 6. Bd2 Be7 7. Bg2 c6 8. Bc3
d5 9. Nbd2 Nbd7 10. O-O Rc8 11. Re1 c5 12. cxd5 Nxd5 13. Bb2 O-O 14. a3 cxd4
15. Nxd4 N7f6 16. Rc1 Bc5 17. Nc4 b5 18. Ne5 b4 19. a4 Qb6 20. Nc4 Bxc4 21.
Rxc4 e5 22. Rxc5 Qxc5 23. Nf5 Rfd8 24. Qb1 Nc3 25. Qc2 Nd1 26. Qxc5 Rxc5 27.
Ba1 Kf8 28. e4 g6 29. Nh4 Ng4 30. f4 exf4 31. gxf4 Rc1 32. Bf3 Rxa1 33. Bxg4
Rb1 34. Be2 Rxb3 35. Bc4 Re3 0-1

[Event "Thüringenliga 2016/2017"]
[Site "?"]
[Date "2017.01.29"]
[Round "5"]
[White "Werner, Justus"]
[Black "Kastner, Peter"]
[Result "1/2-1/2"]
[WhiteElo "1890"]
[BlackElo "1991"]
[PlyCount "26"]
[EventDate "2017.??.??"]
[WhiteTeam "SG Blau-Weiß Stadtilm"]
[BlackTeam "SV 1861 Liebschwitz"]

1. c4 Nf6 2. g3 g6 3. Bg2 Bg7 4. Nc3 O-O 5. d4 d6 6. e3 c6 7. Nge2 Nbd7 8. O-O
e5 9. b3 Re8 10. Ba3 Nf8 11. Qc2 Bf5 12. e4 Bg4 13. dxe5 dxe5 1/2-1/2

[Event "Thüringenliga 2016/2017"]
[Site "?"]
[Date "2017.01.29"]
[Round "5"]
[White "Biel, Maik"]
[Black "Siebarth, Marco"]
[Result "1/2-1/2"]
[WhiteElo "1958"]
[BlackElo "1985"]
[PlyCount "31"]
[EventDate "2017.??.??"]
[WhiteTeam "SV 1861 Liebschwitz"]
[BlackTeam "SG Blau-Weiß Stadtilm"]

1. d4 d5 2. Nf3 c6 3. e3 Nf6 4. c4 e6 5. Nc3 Be7 6. Bd3 dxc4 7. Bxc4 b5 8. Bd3
a6 9. O-O c5 10. dxc5 Bxc5 11. a4 b4 12. Ne4 Nbd7 13. Qe2 Bb7 14. Nxf6+ Qxf6
15. e4 h6 16. e5 1/2-1/2

[Event "Thüringenliga 2016/2017"]
[Site "?"]
[Date "2017.01.29"]
[Round "5"]
[White "Berner, Stephan"]
[Black "Ahmed, Daniel"]
[Result "1-0"]
[WhiteElo "1886"]
[BlackElo "1673"]
[PlyCount "51"]
[EventDate "2017.??.??"]
[WhiteTeam "SG Blau-Weiß Stadtilm"]
[BlackTeam "SV 1861 Liebschwitz"]

1. e4 d5 2. exd5 Qxd5 3. Nc3 Qa5 4. d4 Nf6 5. Bd2 c6 6. Nf3 Bf5 7. Bc4 e6 8.
Qe2 Nbd7 9. d5 cxd5 10. Nxd5 Qd8 11. Nxf6+ gxf6 12. Nd4 Bg6 13. h4 h5 14. O-O-O
Rc8 15. Rhe1 Be7 16. Bc3 Qb6 17. Nxe6 Rxc4 18. Nc7+ Kf8 19. Qxe7+ Kg7 20. Rxd7
Qxf2 21. Rd2 Qxh4 22. Ne8+ Rxe8 23. Qxe8 b5 24. Rf1 Rf4 25. Qxb5 Re4 26. Bxf6+
1-0

[Event "Thüringenliga 2016/2017"]
[Site "?"]
[Date "2017.01.29"]
[Round "5"]
[White "Weiß, Werner"]
[Black "Schröter, Maik"]
[Result "1-0"]
[WhiteElo "1966"]
[BlackElo "1779"]
[PlyCount "71"]
[EventDate "2017.??.??"]
[WhiteTeam "SV 1861 Liebschwitz"]
[BlackTeam "SG Blau-Weiß Stadtilm"]

1. e4 c5 2. Nf3 Nc6 3. d3 g6 4. g3 Bg7 5. Bg2 e5 6. O-O Nge7 7. c3 d5 8. Nbd2
O-O 9. Re1 b6 10. exd5 Nxd5 11. Nc4 Re8 12. a4 Rb8 13. Ng5 Bf5 14. Qf3 Nde7 15.
Ne4 Bxe4 16. dxe4 Qc7 17. Bg5 a6 18. Bf6 Bf8 19. Ne3 Bh6 20. Ng4 Bf8 21. Qe3
Qd6 22. f4 exf4 23. gxf4 Nd5 24. Qh3 Nxf4 25. Qg3 Nxg2 26. Qxg2 Qe6 27. e5 h5
28. Nf2 Qf5 29. Qxc6 Re6 30. Qg2 Rbe8 31. Rf1 Bh6 32. Rae1 Qc2 33. Ne4 Qxa4 34.
Bg5 Bxg5 35. Qxg5 Kf8 36. Qh6+ 1-0

[Event "Thüringenliga 2016/2017"]
[Site "?"]
[Date "2017.01.22"]
[Round "5"]
[White "Sack, Matthias"]
[Black "Philipp, Mathias"]
[Result "1-0"]
[WhiteElo "1952"]
[BlackElo "1896"]
[PlyCount "47"]
[EventDate "2017.??.??"]
[WhiteTeam "SV Hermsdorf"]
[BlackTeam "SSV Vimaria 91 Weimar"]

1. e4 e5 2. Bc4 Nf6 3. d4 exd4 4. Nf3 Nc6 5. O-O Bc5 6. e5 d5 7. exf6 dxc4 8.
fxg7 Rg8 9. Bg5 f6 10. Re1+ Kf7 11. Bh6 Bf5 12. Nh4 Bg6 13. Nxg6 hxg6 14. Qf3
Re8 15. Nd2 Ne5 16. Qf4 Bb4 17. c3 dxc3 18. Nxc4 cxb2 19. Rad1 Bxe1 20. Nxe5+
Rxe5 21. Qc4+ Re6 22. Rxd8 Rxd8 23. Qxc7+ Re7 24. Qxd8 1-0

[Event "Thüringenliga 2016/2017"]
[Site "?"]
[Date "2017.01.22"]
[Round "5"]
[White "Philipp, Michael"]
[Black "Schulz, Phillip"]
[Result "1-0"]
[WhiteElo "2043"]
[BlackElo "1957"]
[PlyCount "73"]
[EventDate "2017.??.??"]
[WhiteTeam "SSV Vimaria 91 Weimar"]
[BlackTeam "SV Hermsdorf"]

1. e4 c5 2. Nf3 Nc6 3. c3 d5 4. exd5 Qxd5 5. d4 e6 6. Be2 Nf6 7. O-O cxd4 8.
cxd4 Be7 9. Nc3 Qd6 10. Qa4 O-O 11. Rd1 Nb4 12. Bg5 Nbd5 13. Ne5 Qb8 14. Nxd5
Nxd5 15. Bxe7 Nxe7 16. Rac1 Nd5 17. Bf3 Qd6 18. Rc5 f6 19. Nc4 Qd8 20. Ne3 Nxe3
21. fxe3 Qb6 22. b3 Rd8 23. Rdc1 Bd7 24. Qa3 Kf7 25. Rc7 Rab8 26. Qc5 Qa6 27.
Rc2 Ke8 28. Qh5+ Kf8 29. Qxh7 f5 30. Be2 Qa5 31. Kf2 e5 32. Rxd7 Rxd7 33. Qh8+
Kf7 34. Qxb8 exd4 35. exd4 Qb4 36. Bc4+ Kg6 37. Qe8+ 1-0

[Event "Thüringenliga 2016/2017"]
[Site "?"]
[Date "2017.01.22"]
[Round "5"]
[White "Hadlich, Gerald"]
[Black "Mysliwiec, Jörg"]
[Result "0-1"]
[WhiteElo "1794"]
[BlackElo "2054"]
[PlyCount "100"]
[EventDate "2017.??.??"]
[WhiteTeam "SV Hermsdorf"]
[BlackTeam "SSV Vimaria 91 Weimar"]

1. e4 c6 2. d4 d5 3. Nc3 dxe4 4. Nxe4 Nf6 5. Nxf6+ exf6 6. c3 Bd6 7. Bd3 O-O 8.
Qc2 g6 9. Ne2 Qc7 10. h3 Nd7 11. O-O c5 12. Be3 f5 13. dxc5 Nxc5 14. Bxc5 Bxc5
15. Nd4 Bxd4 16. cxd4 Qxc2 17. Bxc2 Be6 18. Bb3 Bxb3 19. axb3 Rfd8 20. Rfd1 Rd5
21. Rd3 a6 22. Kf1 Rc8 23. Rad1 Rc2 24. R1d2 Rxd2 25. Rxd2 Kf8 26. Ke2 Rb5 27.
Rd3 Ke7 28. Kd2 Rb6 29. Rc3 Kd7 30. Kd3 Rb4 31. f4 Kd6 32. h4 b6 33. g3 h5 34.
Ke3 Kd5 35. Kd3 Rxd4+ 36. Ke3 Re4+ 37. Kf3 Rb4 38. Ke3 Re4+ 39. Kf3 Re7 40. Kf2
a5 41. Kf3 Kd6 42. Kf2 Kd5 43. Kf3 b5 44. Rc8 Kd4 45. Kf2 Kd3 46. Rc3+ Kd2 47.
Rc5 b4 48. Rxa5 Kc2 49. Rd5 Kxb3 50. Rd2 Rc7 0-1

[Event "Thüringenliga 2016/2017"]
[Site "?"]
[Date "2017.01.22"]
[Round "5"]
[White "Scheitz, Michael"]
[Black "Baulig, Manuel"]
[Result "1-0"]
[WhiteElo "2015"]
[BlackElo "1761"]
[PlyCount "91"]
[EventDate "2017.??.??"]
[WhiteTeam "SSV Vimaria 91 Weimar"]
[BlackTeam "SV Hermsdorf"]

1. d4 Nf6 2. Nf3 d5 3. c4 e6 4. Nc3 Bb4 5. Qb3 Bxc3+ 6. Qxc3 O-O 7. Bg5 Nbd7 8.
cxd5 exd5 9. e3 c6 10. Bd3 Qb6 11. Qc2 Re8 12. O-O h6 13. Bf4 Qb4 14. a3 Qe7
15. b4 Nh5 16. Be5 Nxe5 17. Nxe5 Bd7 18. Nxf7 Qxf7 19. Bg6 Qe7 20. Bxh5 Rf8 21.
Bg6 Qg5 22. f4 Qe7 23. Rae1 a5 24. Qb3 Qf6 25. Bc2 axb4 26. axb4 Ra7 27. Ra1
Rfa8 28. Rxa7 Rxa7 29. b5 Qd6 30. bxc6 Bxc6 31. Qd3 Ra3 32. Qh7+ Kf7 33. Qf5+
Kg8 34. Qc8+ Kf7 35. Qh3 Qe7 36. Re1 Kg8 37. Qg3 Bd7 38. f5 Rc3 39. Bb1 Rb3 40.
Ba2 Rb5 41. e4 Qf6 42. Qe5 Qg5 43. Bxd5+ Kh7 44. Qb8 Rxd5 45. exd5 Qd2 46. Qe5
1-0

[Event "Thüringenliga 2016/2017"]
[Site "?"]
[Date "2017.01.22"]
[Round "5"]
[White "Sperhake, Franz"]
[Black "Albrecht, Jürgen"]
[Result "0-1"]
[WhiteElo "1819"]
[BlackElo "2015"]
[PlyCount "64"]
[EventDate "2017.??.??"]
[WhiteTeam "SV Hermsdorf"]
[BlackTeam "SSV Vimaria 91 Weimar"]

1. e4 c5 2. Nf3 Nc6 3. Bb5 Nf6 4. e5 Nd5 5. Nc3 Nxc3 6. dxc3 d5 7. O-O e6 8.
Qe2 Be7 9. c4 Qc7 10. Rd1 a6 11. Bxc6+ Qxc6 12. Bg5 Bxg5 13. Nxg5 h6 14. Nh3
O-O 15. Nf4 d4 16. Rd3 f5 17. Rg3 Qe4 18. Qd2 Rf7 19. Re1 Qc6 20. Nh5 Kh7 21.
Nf6+ gxf6 22. Rh3 Rg7 23. Qxh6+ Kg8 24. f3 fxe5 25. Rxe5 b5 26. Qf6 Raa7 27.
Rxf5 Qe8 28. Rg5 e5 29. Rhh5 Qf8 30. Rxg7+ Rxg7 31. Qh4 Qf4 32. Qh3 Bxh3 0-1

[Event "Thüringenliga 2016/2017"]
[Site "?"]
[Date "2017.01.22"]
[Round "5"]
[White "Riedel, Finn"]
[Black "Pietzsch, Gerhard"]
[Result "1/2-1/2"]
[WhiteElo "2029"]
[BlackElo "1832"]
[PlyCount "88"]
[EventDate "2017.??.??"]
[WhiteTeam "SSV Vimaria 91 Weimar"]
[BlackTeam "SV Hermsdorf"]

1. e4 c5 2. Nf3 d6 3. d4 cxd4 4. Nxd4 Nf6 5. Nc3 g6 6. Bc4 Bg7 7. Be3 Nc6 8. f3
O-O 9. Qd2 Nxd4 10. Bxd4 Be6 11. Bxe6 fxe6 12. O-O a6 13. Rad1 Qc7 14. Rfe1 e5
15. Be3 b5 16. Nd5 Nxd5 17. Qxd5+ Kh8 18. c3 Rac8 19. a3 Qc6 20. Qe6 Qc7 21. h4
Rf6 22. Qh3 Rcf8 23. h5 gxh5 24. Qxh5 Qc8 25. Kf2 Qe8 26. Rh1 Qxh5 27. Rxh5
R6f7 28. Rdh1 Bf6 29. g4 Kg8 30. g5 Bg7 31. R1h3 e6 32. Ke2 d5 33. Rxh7 d4 34.
g6 Rf6 35. Rxg7+ Kxg7 36. Bh6+ Kxg6 37. Bxf8 Rxf8 38. Rg3+ Kf6 39. Kd3 Rd8 40.
cxd4 Rxd4+ 41. Kc3 Rc4+ 42. Kd3 Rd4+ 43. Kc3 Rc4+ 44. Kd3 Rd4+ 1/2-1/2

[Event "Thüringenliga 2016/2017"]
[Site "?"]
[Date "2017.01.22"]
[Round "5"]
[White "Hädrich, Dirk"]
[Black "Gulich, Christian"]
[Result "1-0"]
[WhiteElo "1770"]
[BlackElo "1955"]
[PlyCount "117"]
[EventDate "2017.??.??"]
[WhiteTeam "SV Hermsdorf"]
[BlackTeam "SSV Vimaria 91 Weimar"]

1. d4 f5 2. Nf3 g6 3. g3 Nf6 4. Bg2 Bg7 5. O-O O-O 6. c4 d6 7. Qb3 c6 8. Rd1
Qe8 9. d5 Na6 10. Ng5 Nc5 11. Qc2 h6 12. Nh3 Bd7 13. Nc3 Rd8 14. Be3 b6 15. Nf4
g5 16. Nd3 Ng4 17. Bd2 e5 18. Nxc5 dxc5 19. f3 Nf6 20. dxc6 Bxc6 21. e4 fxe4
22. fxe4 Qg6 23. Be1 Rd4 24. Nd5 Nxd5 25. cxd5 Bxd5 26. Bc3 Bxe4 27. Qb3+ c4
28. Qb5 Rxd1+ 29. Rxd1 Bd3 30. Bd5+ Kh8 31. Bxc4 Bxc4 32. Qxc4 Qf6 33. Rf1
Qxf1+ 34. Qxf1 Rxf1+ 35. Kxf1 Kg8 36. Ke2 Kf7 37. Ke3 Ke6 38. Ke4 Bf6 39. b3 a6
40. g4 Bg7 41. h3 Kd6 42. Bb4+ Ke6 43. Ba3 a5 44. Bb2 Kd6 45. Bc1 Kc6 46. Bb2
Kc5 47. Bc3 Kd6 48. a4 Kc5 49. Bd2 Kc6 50. b4 axb4 51. Bxb4 b5 52. axb5+ Kxb5
53. Bd6 Kc6 54. Bxe5 Bxe5 55. Kxe5 Kc5 56. Kf6 Kd6 57. Kg6 Ke6 58. Kxh6 Kf6 59.
Kh5 1-0

[Event "Thüringenliga 2016/2017"]
[Site "?"]
[Date "2017.01.22"]
[Round "5"]
[White "Weiß, Thomas"]
[Black "Bülau, Daniel"]
[Result "1-0"]
[WhiteElo "1872"]
[BlackElo "1545"]
[PlyCount "109"]
[EventDate "2017.??.??"]
[WhiteTeam "SSV Vimaria 91 Weimar"]
[BlackTeam "SV Hermsdorf"]

1. d4 d5 2. c4 e6 3. Nc3 Nf6 4. Bg5 Be7 5. e3 O-O 6. Nf3 Nbd7 7. Rc1 b6 8. cxd5
exd5 9. Bd3 Bb7 10. O-O c5 11. Qe2 cxd4 12. Nxd4 Ne4 13. Bxe7 Qxe7 14. f3 Nec5
15. Bb5 Rac8 16. Rfd1 Nf6 17. Qd2 Rfd8 18. Bf1 g6 19. Re1 Qe5 20. Ncb5 Qb8 21.
b4 Ncd7 22. Ne2 a6 23. Nbd4 Ne5 24. Nf4 Nc4 25. Qf2 b5 26. Nd3 Nd7 27. Nb3 Qd6
28. Ndc5 Nxc5 29. Nxc5 Ba8 30. Rcd1 Qc6 31. Rd4 a5 32. Nd3 axb4 33. Nxb4 Qb7
34. Red1 Qe7 35. Nxd5 Bxd5 36. Rxd5 Rxd5 37. Rxd5 Qxe3 38. Rxb5 Qxf2+ 39. Kxf2
Nd6 40. Rb2 Rc3 41. a4 Ra3 42. Rd2 Nb7 43. Bb5 Nc5 44. Rd8+ Kg7 45. Ra8 Ne6 46.
Bc4 Kf6 47. Ra6 Kf5 48. Bxe6+ fxe6 49. Kg3 g5 50. Ra8 Ra2 51. a5 h5 52. a6 Kf6
53. a7 h4+ 54. Kg4 Kf7 55. Rh8 1-0

[Event "Thüringenliga 2016/2017"]
[Site "?"]
[Date "2017.01.29"]
[Round "5"]
[White "Wegerich, Michael"]
[Black "Kölsch, Maximilian"]
[Result "1-0"]
[WhiteElo "1995"]
[BlackElo "2168"]
[PlyCount "79"]
[EventDate "2017.??.??"]
[WhiteTeam "SV Ammern"]
[BlackTeam "SV Schott Jena"]

1. d4 Nf6 2. Nf3 e6 3. Bf4 b6 4. e3 Bb7 5. Be2 Be7 6. O-O O-O 7. h3 Ne4 8. Nbd2
f5 9. Nxe4 fxe4 10. Ne5 d6 11. Nc4 Bg5 12. Bh2 Nd7 13. Nd2 Qe7 14. c4 c5 15.
Nb1 d5 16. Nc3 Nf6 17. Nb5 Rfd8 18. cxd5 exd5 19. Rc1 a6 20. Nc3 b5 21. Kh1
Rac8 22. a3 Ba8 23. Bg1 Bh6 24. Rc2 c4 25. f4 exf3 26. Bxf3 Bc6 27. Re2 a5 28.
Rfe1 b4 29. axb4 axb4 30. e4 dxe4 31. Nxe4 Bxe4 32. Bxe4 Nxe4 33. Rxe4 Qc7 34.
Re7 Rd7 35. Re8+ Rxe8 36. Rxe8+ Kf7 37. Qe2 Qc6 38. Re5 c3 39. Rf5+ Qf6 40.
Qc4+ {ZÜ} 1-0

[Event "Thüringenliga 2016/2017"]
[Site "?"]
[Date "2017.01.29"]
[Round "5"]
[White "Darr, Sascha"]
[Black "Schorch, Rüdiger"]
[Result "1-0"]
[WhiteElo "2065"]
[BlackElo "1926"]
[PlyCount "131"]
[EventDate "2017.??.??"]
[WhiteTeam "SV Schott Jena"]
[BlackTeam "SV Ammern"]

1. d4 d5 2. c4 c6 3. Nc3 e6 4. Nf3 f5 5. Bf4 Nf6 6. e3 Bd6 7. Bxd6 Qxd6 8. Bd3
Nbd7 9. a3 O-O 10. cxd5 Nxd5 11. Rc1 e5 12. Nxd5 cxd5 13. dxe5 Nxe5 14. O-O
Nxf3+ 15. Qxf3 Be6 16. Rfd1 Qe5 17. Qe2 Rac8 18. Rxc8 Rxc8 19. h3 g6 20. Qd2 b6
21. Qb4 Bf7 22. Bb1 Kg7 23. Qd2 h6 24. h4 g5 25. hxg5 hxg5 26. f4 gxf4 27. exf4
Qf6 28. Re1 d4 29. Qd3 Be6 30. Kf2 Qh4+ 31. Qg3+ Qxg3+ 32. Kxg3 Kf6 33. Rd1 Rd8
34. Bd3 Bd5 35. Kf2 Rg8 36. Bf1 Rc8 37. Rxd4 Rc2+ 38. Kg3 Ke6 39. b4 Rc3+ 40.
Rd3 Rc2 41. Re3+ Kf6 42. Be2 Ra2 43. Bf3 Be6 44. Rc3 a5 45. Kh4 Bd7 46. Rc7 Ke6
47. Rb7 Rxa3 48. Rxb6+ Ke7 49. bxa5 Rxa5 50. Kg5 Rc5 51. Ra6 Rc3 52. Rh6 Rc5
53. Rh7+ Kd6 54. Kf6 Ra5 55. Rh1 Ra4 56. Rd1+ Kc7 57. Kg5 Ra5 58. Rd2 Rc5 59.
Bh5 Rc3 60. Bg6 Rc5 61. Re2 Kd6 62. Kf6 Kc7 63. Re5 Rc4 64. g3 Rc3 65. Bxf5
Rxg3 66. Re7 1-0

[Event "Thüringenliga 2016/2017"]
[Site "?"]
[Date "2017.01.29"]
[Round "5"]
[White "Thon, Philipp"]
[Black "August, Daniel"]
[Result "0-1"]
[WhiteElo "1783"]
[BlackElo "2002"]
[PlyCount "40"]
[EventDate "2017.??.??"]
[WhiteTeam "SV Ammern"]
[BlackTeam "SV Schott Jena"]

1. e4 d6 2. d4 Nf6 3. Nc3 e5 4. Nf3 Nbd7 5. Bc4 Be7 6. Bxf7+ Kxf7 7. Ng5+ Kg8
8. Ne6 Qe8 9. Nxc7 Qg6 10. Qe2 Rb8 11. Be3 Nb6 12. N7b5 Qxg2 13. Kd2 Nxe4+ 14.
Nxe4 Qxe4 15. Rag1 Bf5 16. Kc1 Nd5 17. Nc3 Nxc3 18. bxc3 exd4 19. Rxg7+ Kxg7
20. Bxd4+ Kf7 0-1

[Event "Thüringenliga 2016/2017"]
[Site "?"]
[Date "2017.01.29"]
[Round "5"]
[White "Babrikowski, Peter"]
[Black "Kampfhenkel, Ulrich"]
[Result "1/2-1/2"]
[WhiteElo "2084"]
[BlackElo "1900"]
[PlyCount "46"]
[EventDate "2017.??.??"]
[WhiteTeam "SV Schott Jena"]
[BlackTeam "SV Ammern"]

1. e4 e5 2. Nc3 Nf6 3. f4 d5 4. fxe5 Nxe4 5. Qf3 Nc6 6. Bb5 Nxc3 7. dxc3 Qh4+
8. g3 Qe4+ 9. Qxe4 dxe4 10. Bxc6+ bxc6 11. Be3 Be6 12. Ne2 Be7 13. Nd4 Bd7 14.
O-O O-O 15. Rae1 a5 16. Nf5 Rfe8 17. Bd4 c5 18. e6 Bxe6 19. Nxe7+ Rxe7 20. Bxc5
Rd7 21. Rxe4 Rd2 22. Rf2 Rd1+ 23. Rf1 Rd2 1/2-1/2

[Event "Thüringenliga 2016/2017"]
[Site "?"]
[Date "2017.01.29"]
[Round "5"]
[White "Kurze, Christoph"]
[Black "Dreyer, Michael"]
[Result "0-1"]
[WhiteElo "1845"]
[BlackElo "2059"]
[PlyCount "68"]
[EventDate "2017.??.??"]
[WhiteTeam "SV Ammern"]
[BlackTeam "SV Schott Jena"]

1. e4 e5 2. Nf3 Nc6 3. Bb5 a6 4. Ba4 Nf6 5. d3 b5 6. Bb3 Be7 7. O-O d6 8. c3
Bg4 9. Nbd2 O-O 10. a4 Rb8 11. axb5 axb5 12. h3 Bh5 13. Bd5 Qd7 14. Ra6 Nd8 15.
b4 Nxd5 16. exd5 f5 17. Qb3 Nf7 18. Bb2 Ng5 19. Nxg5 Bxg5 20. Qc2 Qf7 21. c4
bxc4 22. dxc4 Rxb4 23. Bc3 Rb7 24. Nb3 f4 25. Na5 Rb6 26. Ra7 Bg6 27. Qa2 f3
28. g3 Bf5 29. g4 Bxg4 30. c5 Bxh3 31. Bxe5 dxe5 32. cxb6 Qf4 33. d6+ Kh8 34.
Qc4 e4 0-1

[Event "Thüringenliga 2016/2017"]
[Site "?"]
[Date "2017.01.29"]
[Round "5"]
[White "Jung, Florian"]
[Black "Breuer, Harald"]
[Result "1/2-1/2"]
[WhiteElo "1917"]
[BlackElo "1818"]
[PlyCount "42"]
[EventDate "2017.??.??"]
[WhiteTeam "SV Schott Jena"]
[BlackTeam "SV Ammern"]

1. d4 Nf6 2. Nf3 g6 3. e3 Bg7 4. Bd3 O-O 5. Nbd2 d5 6. h3 b6 7. Qe2 Bb7 8. b3
Nbd7 9. Bb2 a5 10. a4 Re8 11. O-O Ne4 12. Rfd1 c5 13. Bb5 Nd6 14. Bxd7 Qxd7 15.
Ne5 Qe6 16. Ndf3 f6 17. Nd3 Ba6 18. Qe1 Bxd3 19. cxd3 cxd4 20. Nxd4 Qd7 21. Nf3
e5 1/2-1/2

[Event "Thüringenliga 2016/2017"]
[Site "?"]
[Date "2017.01.29"]
[Round "5"]
[White "Salaske, Peter"]
[Black "Bunke, Wilfried"]
[Result "1/2-1/2"]
[WhiteElo "1774"]
[BlackElo "1942"]
[PlyCount "47"]
[EventDate "2017.??.??"]
[WhiteTeam "SV Ammern"]
[BlackTeam "SV Schott Jena"]

1. e4 e6 2. d4 d5 3. Nd2 Nf6 4. e5 Nfd7 5. Ngf3 c5 6. c3 Nc6 7. Bd3 Be7 8. O-O
g5 9. dxc5 g4 10. Nd4 Ndxe5 11. N2b3 h5 12. Bb5 Bd7 13. Qe2 Bf6 14. f4 gxf3 15.
Nxf3 Ng6 16. Bxc6 Bxc6 17. Nfd4 Bxd4+ 18. Nxd4 Qe7 19. Be3 a6 20. Rae1 Kd7 21.
b3 Rh7 22. Nf3 f6 23. Nd4 Rg8 24. Qf2 1/2-1/2

[Event "Thüringenliga 2016/2017"]
[Site "?"]
[Date "2017.01.29"]
[Round "5"]
[White "Vieweg, Klaus"]
[Black "Schadeberg, Lukas"]
[Result "1/2-1/2"]
[WhiteElo "1952"]
[BlackElo "1677"]
[PlyCount "43"]
[EventDate "2017.??.??"]
[WhiteTeam "SV Schott Jena"]
[BlackTeam "SV Ammern"]

1. Nf3 d5 2. g3 Nf6 3. Bg2 c6 4. b3 Bg4 5. Bb2 Nbd7 6. c4 e6 7. O-O Qa5 8. d3
h6 9. Nbd2 Ba3 10. Qc2 Bxb2 11. Qxb2 O-O 12. b4 Qb6 13. a4 a5 14. b5 c5 15.
cxd5 exd5 16. e4 dxe4 17. dxe4 Qe6 18. Rfe1 b6 19. Rac1 Bh3 20. Bh1 Ng4 21. Nc4
Rad8 22. e5 1/2-1/2